000 00767nam a2200253Ia 4500
003 OSt
005 20220928115711.0
006 a|||||r|||| 00| 0
007 ta
008 220927b |||||||| |||| 00| 0 eng d
020 _cINR 399.00
024 _a134850
037 _b284, 15/03/2017, Classic Book Service
_cTextual
040 _aSDCL
_cSDCL
_beng
041 _2eng
_aeng
082 _aU.2, Q2
100 _aSanyal Sanjeev
_9405824
245 0 _aLand of the seven rivers
_b A brief history of India's geography
260 _aGurgaon
_bPenguin
_c2013
300 _axi,331p.
_ccm.
650 _aBusiness Economics
_9391653
942 _hU.2, Q2
_cTEXL
_2CC
999 _c760595
_d760595